LEADER 00759nam0-22002771i-450- 001 990003308480403321 005 20120416155601.0 035 $a000330848 035 $aFED01000330848 035 $a(Aleph)000330848FED01 035 $a000330848 100 $a20030910d1979----km-y0itay50------ba 101 0 $ager 105 $ay-------001yy 200 1 $aTraining Deutsch$e60 Wortschatz- und Strukturübungen$fJoachim Busse 210 $aMünchen$cHueber$d1979 610 0 $aLingua tedesca$aEsercizi 676 $a431 700 1$aBusse,$bJoachim$0131409 801 0$aIT$bUNINA$gRICA$2UNIMARC 901 $aBK 912 $a990003308480403321 952 $a431 BUS$bLINGUE 1748$fDECLI 959 $aDECLI 996 $aTraining Deutsch$9447056 997 $aUNINA LEADER 01147nam0-22003011i-450 001 990000007180203316 005 20220614121013.0 010 $a88-14-07659-6 035 $a0000718 035 $aUSA010000718 035 $a(ALEPH)000000718USA01 035 $a0000718 100 $a20000301d--------|||y0itay0103----ba 101 0 $aita 105 $a||||||||001yy 200 1 $aGiurisprudenza costituzionale e fattore religioso$ele pronunzie della Corte costituzionale in materia ecclesiastica, 1987-1998$f[a cura di] Sara Domianello 215 $aXI, 907 p.$d24 cm 225 $aPubblicazioni degli istituti di scienze giuridiche, economiche, politiche e sociali della Facoltà di giurisprudenza della Universitáa di Messina. Quaderni per la didattica e la ricerca$v17 610 $aDiritto ecclesiastico Giurisprudenza costituzionale 1987-1998 676 $a342.450852 702 1$aDOMIANELLO,$bSara 710 02$aItalia$xCorte costituzionale$0257747 912 $a990000007180203316 951 $aX 10 XVII 17$b22050 G. 959 $aBK 969 $aGIU 996 $aGiurisprudenza costituzionale e fattore religioso$962305 997 $aUNISA